000 00641nam a2200217Ia 4500
003 GCL
008 140319s9999 xx 000 0 ara d
040 _aGCL /
_cGCL
082 0 4 _a651.84
_bع ت
100 1 _aعبدالعزيز هيكل
245 1 0 _aالتطوير الالكترونى للمكاتب /
_cعبدالعزيز هيكل
700 1 _aجورج مدبك
260 _a[S.N] :
_bدار الراتب الجامعية ،
_c1985
300 _a223 ص
490 _a
650 0 4 _aالحاسبات الالكترونية
650 0 4 _aباسيك
650 0 4 _aالبرامج
650 0 4 _aالمكاتب
942 _2ddc
_cBK
999 _c32474
_d32474